000 00506nam a2200121Ia 4500
008 191206s9999 xx 000 0 und d
090 _aPR4948A
245 0 _a"1. Srīmat Bhagavat Gītā: with an introduction, Sanskrit text, translation, syntaz, word for word translation and substance of each śloka in English"
250 _a[1st ed.]
260 _cc1968]
300 _a"xv, 475 p. 23 cm."
999 _c15331
_d15331